| 000 | 00985nam a2200277 i 4500 | ||
|---|---|---|---|
| 001 | 77957 | ||
| 003 | ES-MaACL | ||
| 005 | 20251009165406.0 | ||
| 007 | t| | ||
| 008 | 041116s1921 sp ||||1| spa d | ||
| 080 | _a55(460) | ||
| 080 | _a913(460) | ||
| 100 | 1 |
_aVidal de La Blache, Paul. _9114479 |
|
| 245 | 1 | 0 |
_aPenínsula ibérica / _cP. Vidal de la Blache y P. Camena d'Almeida ; adaptado a las necesidades de España y América por Antonio Blázquez. |
| 250 | _a2ª ed. cuidosamente corr. | ||
| 260 |
_aBarcelona : _b[s.n.], _c1921 ( _fSucesores de Juan Gili) |
||
| 300 |
_a618 p. : _bil., mapas ; _c18 cm. |
||
| 490 | 1 |
_aCurso de geografía ; _v3 |
|
| 650 | 4 |
_aGeología- _zEspaña. _9138819 |
|
| 651 | 4 |
_aEspaña- _xGeografía. _98200 |
|
| 700 | 1 |
_aCamena d'Almeida, Pierre, _d1865-1943 _934052 |
|
| 700 | 1 |
_aBlázquez, Antonio, _d1859-1950 _929437 |
|
| 830 | 1 |
_aCurso de geografía ; _v3 _9231376 |
|
| 852 |
_aES-MaACL _jE-10407 |
||
| 999 |
_c77957 _d77957 |
||